| 000 | 00816nam a2200253 i 4500 | ||
|---|---|---|---|
| 001 | 12581 | ||
| 003 | ES-MaACL | ||
| 005 | 20250729062618.0 | ||
| 007 | t| | ||
| 008 | 930203s1992 sp |||| | spa j | ||
| 020 | _a84-309-2247-4 | ||
| 080 | _a32(075.8) | ||
| 100 | 1 |
_aFerrando Badía, Juan. _950287 |
|
| 245 | 1 | 0 |
_aEstudios de ciencia política / _cJuan Ferrando Badía. |
| 246 | 3 |
_iTít. de anteport. _aEstudios de ciencia política y de teoría constitucional |
|
| 250 | _a4ª ed. corr. y completada. | ||
| 260 |
_aMadrid : _bTecnos, _c1992. |
||
| 300 |
_a818 p. ; _c24 cm. |
||
| 490 | 1 | _aBiblioteca universitaria de Editorial Tecnos | |
| 650 | 7 |
_aPolítica _2embne _9140345 |
|
| 830 | 0 |
_aBiblioteca universitaria de Editorial Tecnos _9178819 |
|
| 852 |
_aES-MaACL _jL-19859 |
||
| 999 |
_c12581 _d12581 |
||